Cinderella (Record no. 14407)

MARC details
000 -LÍDER
campo de controle de tamanho fixo 00281 a2200133 4500
001 - NÚMERO DE CONTROLE
campo de controle 14407
020 ## - ISBN - INTERNATIONAL STANDARD BOOK NUMBER
ISBN - International Standard Book Number 9780746088111
040 ## - FONTE DA CATALOGAÇÃO
Instituição que transcreveu o registro Anchieta - Aquarius
240 10 - TÍTULO UNIFORME
Título uniforme Cinderella
Idioma da obra por
245 10 - TÍTULO
Título Cinderella
300 ## - DESCRIÇÃO FÍSICA
Extensão 10p.
650 #4 - ASSUNTO--TERMO TÓPICO
Cabeçalho tópico ou nome geográfico Literatura infanto-juvenil
942 ## - ELEMENTOS DE ENTRADA ADICIONADOS (KOHA)
Tipo de material Koha Livros
Holdings
Situação do descarte Situação das perdas Situação física Não pode ser emprestado Biblioteca de origem Biblioteca atual Data de aquisição Total de empréstimos Número de chamada completo Código de barras Data de último acesso Data do último empréstimo Data do preço efetivo Tipo de material Koha
        Colégio Anchieta - Aquarius Inspira 21/11/2023 3 028.5 CIN 6256/AQU 21/11/2023 21/11/2023 21/11/2023 Livros
        Colégio Anchieta - Bela Vista Inspira 21/11/2023 1 LI 028.573 U84c USB CIN 676/BEL 21/11/2023 21/11/2023 21/11/2023 Livros